Waste minimisation and recycling in construction - technical review (Record no. 100203)

MARC details
000 -LEADER
fixed length control field 00965cam a2200253 4500
001 - CONTROL NUMBER
control field J104051
008 - FIXED-LENGTH DATA ELEMENTS--GENERAL INFORMATION
fixed length control field 000000n1999 000 0 eng u
035 ## - SYSTEM CONTROL NUMBER
System control number (Sirsi) u104051
050 ## - LIBRARY OF CONGRESS CALL NUMBER
Classification number 614.76
100 ## - MAIN ENTRY--PERSONAL NAME
Personal name Guthrie, P.M.
245 ## - TITLE STATEMENT
Title Waste minimisation and recycling in construction - technical review
260 ## - PUBLICATION, DISTRIBUTION, ETC.
Place of publication, distribution, etc. London
Name of publisher, distributor, etc. CIRIA
Date of publication, distribution, etc. 1999
300 ## - PHYSICAL DESCRIPTION
Extent 144p. ; 30cm.
490 ## - SERIES STATEMENT
Series statement Project Report
Volume/sequential designation 28
520 ## - SUMMARY, ETC.
Summary, etc. This review provides details of waste management information gathered during audits of a range of types of construction sites. It offers feedback in designers' attitudes to waste minimisation and presents guidance on constraints and opportunities for promoting waste minimisation and recycling in construction.
650 ## - SUBJECT ADDED ENTRY--TOPICAL TERM
Topical term or geographic name entry element DEMOLITION SITES
650 ## - SUBJECT ADDED ENTRY--TOPICAL TERM
Topical term or geographic name entry element RECYCLING
650 ## - SUBJECT ADDED ENTRY--TOPICAL TERM
Topical term or geographic name entry element BUILDING SITES
650 ## - SUBJECT ADDED ENTRY--TOPICAL TERM
Topical term or geographic name entry element WASTE MANAGEMENT
690 ## - LOCAL SUBJECT ADDED ENTRY--TOPICAL TERM (OCLC, RLIN)
Topical term or geographic name as entry element BUILT ENVIRONMENT
700 ## - ADDED ENTRY--PERSONAL NAME
Personal name Coventry, S J
700 ## - ADDED ENTRY--PERSONAL NAME
Personal name Woolveridge, A C
942 ## - ADDED ENTRY ELEMENTS (KOHA)
Suppress in OPAC 0
Holdings
Withdrawn status Lost status Source of classification or shelving scheme Damaged status Not for loan Home library Current library Shelving location Date acquired Total Checkouts Full call number Barcode Date last seen Date last checked out Copy number Price effective from Koha item type
    Dewey Decimal Classification     London London Books 07/02/2000 8 CIRIA REPORTS 30060673 18/03/2024 30/01/2006 1 06/08/2019 Book